000 00595nam a22001937a 4500
999 _c10728
_d10728
003 AR-CdUCM
008 190401b ||||| |||| 00| 0 spa d
040 _aMUNICIPALIDAD PROVINCIAL DEL CUSCO
_cBIBLIOTECA MUNICIPAL DEL CUSCO
082 _aES / 800 /
_bB31
100 _aBecquer, Gustavo Adolfo
_96464
245 _aRimas y leyendas /
260 _aLima :
_bFondo editorial navarrete,
300 _a128 paginas ;
_c14 cm.
505 _aContenido :Rimas y leyendas.
650 _aLiteratura peruana
_9169
650 _aLiteratura contemporánea
_9759
942 _2ddc
_cLIBROS
945 _arum